[Event "Subang Jaya op 12th"]
[Site "Subang Jaya"]
[Date "2024.01.27"]
[Round "1"]
[White "Wan Abd Rahim, Wan Mohd Azmie"]
[Black "Syazrin, Hadif Imran"]
[Result "1-0"]
[WhiteElo "1667"]
[BlackElo "1141"]
[PlyCount "61"]
[EventDate "2024.01.27"]
[EventType "swiss"]
[EventRounds "8"]
[EventCountry "MAS"]
[SourceTitle "CBM 218 Extra"]
[Source "ChessBase"]
[SourceDate "2024.03.31"]
[SourceVersion "1"]
[SourceVersionDate "2024.03.31"]
[SourceQuality "1"]

1. d4 d5 2. c4 c6 3. Nc3 Nf6 4. Nf3 Bf5 5. cxd5 cxd5 6. Qb3 b6 7. e4 dxe4 8. Ne5 e6 9. Bb5+ Nbd7 10. Bg5 Be7 11. Bxf6 Bxf6 12. Nxd7 a6 13. Nxf6+ Ke7 14. Bc6 Rc8 15. Bb7 Rb8 16. Bxe4 gxf6 17. Bxf5 exf5 18. Qa3+ Ke8 19. 0-0 Kd7 20. Qxa6 Rg8 21. Rfe1 Qc7 22. Qb5+ Kd8 23. Qd5+ Kc8 24. Rac1 Rd8 25. Qxf5+ Rd7 26. Nb5 Qxc1 27. Rxc1+ Kb7 28. Qxd7+ Ka6 29. a4 Ka5 30. Rc4 h6 31. Qa7# 1-0